000 00692cab a2200217 4500
001 WB3120-31
008 090401t1995 xxu||||| |||| 00| 0 eng d
035 _a(Sirsi) u74958
041 _aeng
245 _aGet business rate appeals in early
260 _c1995
350 _a0
490 _aRICS Press Release
_v(PR57/95) 19 May 1995, (2)
520 _aThe RICS Local Taxation Group is urging chartered surveyors to submit initial appeals against the 1995 Rating List assessments by 30 September 1995.
650 _aRATING APPEALS
650 _aRICS LOCAL TAXATIN GROUP
650 _aUNIFORM BUSINESS RATES
690 _aRATING AND VALUATION
942 _n0
948 _c04/03/1997
999 _c47227
_d47227